Типовые расчеты при проектировании и эксплуатации нефтебаз и нефтепродуктов: учебное пособие

التفاصيل البيبلوغرافية
المؤلف الرئيسي: Тугунов П. И. Павел Иванович
مؤلفون آخرون: Новоселов В. Ф. Виктор Федорович
اللغة:الروسية
منشور في: Москва, Недра, 1981
الموضوعات:
التنسيق: كتاب
KOHA link:https://koha.lib.tpu.ru/cgi-bin/koha/opac-detail.pl?biblionumber=35390

MARC

LEADER 00000nam0a2200000 4500
001 35390
005 20231030233629.0
035 |a (RuTPU)RU\TPU\book\35821 
035 |a BOOK00002473 
090 |a 35390 
100 |a 20011210d1981 m y0rusy50 ca 
101 0 |a rus 
102 |a RU 
105 |a a j 000zy 
200 1 |a Типовые расчеты при проектировании и эксплуатации нефтебаз и нефтепродуктов  |e учебное пособие  |f П. И. Тугунов, В. Ф. Новоселов 
210 |a Москва  |c Недра  |d 1981 
215 |a 177 с. 
451 1 |0 (RuTPU)RU\TPU\book\56487  |y 5-94423-023-1  |t Типовые расчеты при проектировании и эксплуатации нефтебаз и нефтепроводов/ П. И. Тугунов, В. Ф. Новоселов, А. А. Коршак, А. М. Шаммазов  |o учебное пособие для вузов  |f П. И. Тугунов, В. Ф. Новоселов, А. А. Коршак, А. М. Шаммазов  |c Уфа  |n ДизайнПолиграфСервис  |d 2002  |p 658 с. 
610 1 |a нефтебазы 
610 1 |a нефтесклады 
610 1 |a нефтепроводы 
610 1 |a расчеты 
610 1 |a сливы 
610 1 |a наливы 
610 1 |a хранение 
610 1 |a проектирование 
610 1 |a транспортировка 
610 1 |a учебные пособия 
610 1 |a нефть 
610 1 |a геология 
675 |a 622.692.5.07(075.8)  |v 3 
675 |a 622.692.4.07(075.8)  |v 3 
700 1 |a Тугунов  |b П. И.  |g Павел Иванович 
701 1 |a Новоселов  |b В. Ф.  |g Виктор Федорович 
801 0 |a RU  |b 63413507  |c 20011210  |g PSBO 
801 2 |a RU  |b 63413507  |c 20091030  |g PSBO 
900 |a Проектирование нефтебаз и складов нефтепродуктов 
900 |a Сбор и подготовка продукции нефтяных скважин 
900 |a Экология нефтегазодобывающего комплекса 
900 |a Экология нефтедобывающего комплекса 
942 |c BK